[Event "FIDE World Bl Team Pool A"]
[White "Jacobson, Brandon"]
[Black "Karmenov, Berik"]
[Site "Almaty"]
[Round "7.14"]
[Result "1-0"]
[Date "2024.08.05"]
[WhiteElo "2575"]
[BlackElo "2046"]
[PlyCount "42"]
[EventDate "2024.08.05"]
[EventType "team (blitz)"]
[EventRounds "7"]
[EventCountry "KAZ"]
[SourceTitle "CBM 221 Extra"]
[Source "ChessBase"]
[SourceDate "2024.09.30"]
[SourceVersion "1"]
[SourceVersionDate "2024.09.30"]
[SourceQuality "1"]
[WhiteTeam "GMHans.com"]
[BlackTeam "Chess Empire"]
[WhiteTeamCountry "USA"]
[BlackTeamCountry "KAZ"]

1. Nf3 c5 2. c4 b6 3. g3 Bb7 4. Bg2 Nf6 5. 0-0 g6 6. Nc3 Bg7 7. Re1 0-0 8. e4 d6 9. d4 cxd4 10. Nxd4 Qc8 11. b3 Nbd7 12. Be3 Ne5 13. h3 Re8 14. Rc1 Qd7 15. f4 Nc6 16. e5 dxe5 17. Nxc6 Bxc6 18. Qxd7 Bxd7 19. fxe5 Nh5 20. g4 Ng3 21. Bf4 Bc8 1-0

[Event "FIDE World Bl Team Pool A"]
[White "Karmenov, Berik"]
[Black "Tulegenov, Amir"]
[Site "Almaty"]
[Round "6.14"]
[Result "0-1"]
[Date "2024.08.05"]
[WhiteElo "2046"]
[BlackElo "1858"]
[PlyCount "94"]
[EventDate "2024.08.05"]
[EventType "team (blitz)"]
[EventRounds "7"]
[EventCountry "KAZ"]
[SourceTitle "CBM 221 Extra"]
[Source "ChessBase"]
[SourceDate "2024.09.30"]
[SourceVersion "1"]
[SourceVersionDate "2024.09.30"]
[SourceQuality "1"]
[WhiteTeam "Chess Empire"]
[BlackTeam "Baiterekchess"]
[WhiteTeamCountry "KAZ"]
[BlackTeamCountry "KAZ"]

1. e4 d5 2. exd5 Nf6 3. d4 Bg4 4. Be2 Bxe2 5. Nxe2 Qxd5 6. 0-0 Nc6 7. Nbc3 Qh5 8. Ng3 Qxd1 9. Rxd1 Nb4 10. Nb5 0-0-0 11. c3 Nc6 12. Bf4 Nd5 13. Be3 a6 14. Na3 e6 15. Nc2 Be7 16. a3 Na5 17. Nb4 Nxe3 18. fxe3 Nc4 19. Rf1 Rhf8 20. Nd3 Nxe3 21. Rf3 Ng4 22. h3 Nf6 23. Ne5 c5 24. dxc5 Bxc5+ 25. Kh1 Bd6 26. Nc4 Bxg3 27. Rxg3 g6 28. Rf3 Ne4 29. Re3 f5 30. a4 Kc7 31. a5 Rd5 32. b4 Rfd8 33. Nb6 Rd1+ 34. Rxd1 Rxd1+ 35. Kh2 Rc1 36. c4 Rb1 37. Rd3 Rxb4 38. Rd7+ Kc6 39. Rxh7 Nd6 40. Re7 Nxc4 41. Rxe6+ Kb5 42. Nd5 Rb2 43. Rxg6 Kxa5 44. h4 Rd2 45. Nf4 Rd4 46. g3 Ne5 47. Rf6 Ng4+ 0-1

[Event "FIDE World Bl Team Pool A"]
[White "Markov, Mikhail2"]
[Black "Karmenov, Berik"]
[Site "Almaty"]
[Round "5.20"]
[Result "1-0"]
[Date "2024.08.05"]
[WhiteElo "2255"]
[BlackElo "2046"]
[PlyCount "104"]
[EventDate "2024.08.05"]
[EventType "team (blitz)"]
[EventRounds "7"]
[EventCountry "KAZ"]
[SourceTitle "CBM 221 Extra"]
[Source "ChessBase"]
[SourceDate "2024.09.30"]
[SourceVersion "1"]
[SourceVersionDate "2024.09.30"]
[SourceQuality "1"]
[WhiteTeam "Kyrgyz Chess Academy"]
[BlackTeam "Chess Empire"]
[WhiteTeamCountry "KGZ"]
[BlackTeamCountry "KAZ"]

1. c4 Nf6 2. Nf3 e6 3. g3 d5 4. Bg2 Be7 5. 0-0 0-0 6. d4 dxc4 7. Nbd2 c3 8. bxc3 c5 9. Nc4 Nc6 10. Rb1 cxd4 11. Nxd4 Nxd4 12. cxd4 Nd5 13. Qb3 Bf6 14. Rd1 Bd7 15. e4 Nb6 16. Nxb6 axb6 17. Qxb6 Qxb6 18. Rxb6 Rxa2 19. Rxb7 Ba4 20. Ra7 Bxd1 21. Rxa2 Rc8 22. Be3 h6 23. h4 Bb3 24. Rb2 Ba4 25. Rd2 g5 26. hxg5 hxg5 27. Bf3 Kg7 28. d5 exd5 29. Rxd5 Bc6 30. Rc5 Bd7 31. e5 Be7 32. Ra5 Be6 33. Kg2 g4 34. Be4 Rc4 35. Ba8 Bd8 36. Rb5 Ra4 37. Bb7 Bc7 38. Bf4 Ra5 39. Rxa5 Bxa5 40. Be4 Bc7 41. Bd3 Bd5+ 42. Kf1 Bf3 43. Ke1 Ba5+ 44. Bd2 Bb6 45. Bc3 Kf8 46. Bc4 Ke7 47. Bb4+ Ke8 48. Bb5+ Kd8 49. Bd2 Bd4 50. Bf4 Ke7 51. Bc4 Bc3+ 52. Kf1 Bd4 1-0

[Event "FIDE World Rapid Team"]
[White "Akylbek, Zhaksylyk"]
[Black "Karmenov, Berik"]
[Site "Almaty"]
[Round "10.32"]
[Result "1/2-1/2"]
[Date "2024.08.04"]
[WhiteElo "1662"]
[BlackElo "2046"]
[PlyCount "108"]
[EventDate "2024.08.02"]
[EventType "team (rapid)"]
[EventRounds "12"]
[EventCountry "KAZ"]
[SourceTitle "CBM 221 Extra"]
[Source "ChessBase"]
[SourceDate "2024.09.30"]
[SourceVersion "1"]
[SourceVersionDate "2024.09.30"]
[SourceQuality "1"]
[WhiteTeam "Abai"]
[BlackTeam "Chess Empire"]
[WhiteTeamCountry "KAZ"]
[BlackTeamCountry "KAZ"]

1. d4 Nf6 2. c3 b6 3. Nd2 Bb7 4. e3 g6 5. f4 Bg7 6. Ngf3 0-0 7. Bd3 c5 8. 0-0 e6 9. Qe2 cxd4 10. exd4 d6 11. Ne4 Qc7 12. Bd2 Nbd7 13. Rae1 Nxe4 14. Bxe4 Bxe4 15. Qxe4 Nf6 16. Qe2 d5 17. a3 a6 18. Ne5 Ne4 19. Ng4 b5 20. Nf2 f5 21. Nxe4 fxe4 22. g4 Rf7 23. h4 Raf8 24. h5 gxh5 25. g5 Rf5 26. Qxh5 Qf7 27. Qxf7+ R8xf7 28. Rf2 Rb7 29. Kf1 Bf8 30. Ke2 Bd6 31. Rh1 Rbf7 32. Rh4 e5 33. dxe5 Bxe5 34. Be3 Bg7 35. Rfh2 d4 36. cxd4 Bf8 37. g6 hxg6 38. Rh8+ Kg7 39. d5 Rxd5 40. Bd2 Kf6 41. Bc3+ Ke6 42. Ke3 Kf5 43. Rg2 Rd3+ 44. Ke2 Bg7 45. Rh7 Bxc3 46. Rxf7+ Ke6 47. Ra7 Rd2+ 48. Kf1 Rd1+ 49. Ke2 Rd2+ 50. Kf1 Rd1+ 51. Ke2 Rd2+ 52. Kf1 Rd1+ 53. Kf2 Bd4+ 54. Ke2 Rb1 1/2-1/2

[Event "FIDE World Rapid Team"]
[White "Kozhabekov, Adilkhan"]
[Black "Karmenov, Berik"]
[Site "Almaty"]
[Round "12.38"]
[Result "1/2-1/2"]
[Date "2024.08.04"]
[WhiteElo "1855"]
[BlackElo "2046"]
[PlyCount "105"]
[EventDate "2024.08.02"]
[EventType "team (rapid)"]
[EventRounds "12"]
[EventCountry "KAZ"]
[SourceTitle "CBM 221 Extra"]
[Source "ChessBase"]
[SourceDate "2024.09.30"]
[SourceVersion "1"]
[SourceVersionDate "2024.09.30"]
[SourceQuality "1"]
[WhiteTeam "KRG Team"]
[BlackTeam "Chess Empire"]
[WhiteTeamCountry "KAZ"]
[BlackTeamCountry "KAZ"]

1. d4 Nf6 2. c4 e6 3. Nf3 d5 4. e3 Be7 5. Nbd2 0-0 6. Bd3 b6 7. 0-0 Bb7 8. Qe2 Ne4 9. Ne1 Nd7 10. f3 Nxd2 11. Bxd2 c5 12. cxd5 exd5 13. Bc3 Bf6 14. Rd1 Re8 15. Qf2 cxd4 16. exd4 Nf8 17. Nc2 Ng6 18. g3 Qd7 19. Rfe1 Nf8 20. Ne3 h5 21. Qf1 g6 22. f4 Nh7 23. Qf3 Kg7 24. Bf1 Rad8 25. Bg2 a5 26. a3 Re7 27. Nf1 Rxe1 28. Rxe1 Nf8 29. Nd2 Re8 30. Rxe8 Qxe8 31. Qf2 Qb5 32. Nf3 Qd3 33. Ne5 Qb1+ 34. Qf1 Qc2 35. h3 h4 36. g4 Ne6 37. f5 gxf5 38. gxf5 Ng5 39. Ng4 Ne4 40. Bxe4 Qxe4 41. Qg2 Qxg2+ 42. Kxg2 Bc8 43. Kf3 Bxf5 44. Nxf6 Kxf6 45. Kg2 Be4+ 46. Kg1 Kg5 47. Bd2+ Kg6 48. Be1 Kh5 49. Kh2 a4 50. Bd2 Bd3 51. Be3 b5 52. Bd2 Kg6 53. Kg2 1/2-1/2

[Event "Pavlodar op"]
[White "Karmenov, Berik"]
[Black "Suleymenov, Alisher"]
[Site "Pavlodar"]
[Round "8"]
[Result "1-0"]
[Date "2013.12.17"]
[WhiteElo "2176"]
[BlackElo "1976"]
[PlyCount "97"]
[EventDate "2013.12.10"]
[EventType "swiss"]
[EventRounds "10"]
[EventCountry "KAZ"]
[SourceTitle "CBM 158 Extra"]
[Source "ChessBase"]
[SourceDate "2014.02.28"]
[SourceVersion "1"]
[SourceVersionDate "2014.02.28"]
[SourceQuality "1"]

1. e4 c5 2. Nf3 e6 3. d4 cxd4 4. Nxd4 Nc6 5. Nc3 Qc7 6. Be2 a6 7. 0-0 Nf6 8. Be3 Bb4 9. Nxc6 bxc6 10. Bd3 d5 11. exd5 cxd5 12. Bg5 Qe5 13. f4 Qd4+ 14. Kh1 Bxc3 15. bxc3 Qxc3 16. Rb1 Bd7 17. Rb3 Qc7 18. Qe2 a5 19. Rfb1 Rd8 20. Qe5 Qxe5 21. fxe5 h6 22. Bd2 Ng4 23. Bxa5 Rc8 24. Ba6 0-0 25. Bxc8 Rxc8 26. Rb8 Rxb8 27. Rxb8+ Kh7 28. Bc3 Ne3 29. Rb7 Be8 30. Re7 Ba4 31. Rxf7 Bxc2 32. Re7 Be4 33. Kg1 Nxg2 34. Kf2 Nf4 35. Ke3 Ng2+ 36. Kd4 Nf4 37. Bd2 Ne2+ 38. Ke3 Ng1 39. Rxe6 Nf3 40. a4 Nxh2 41. a5 Ng4+ 42. Kd4 Nh2 43. a6 Bh1 44. a7 Nf3+ 45. Kc5 Nxd2 46. a8Q Ne4+ 47. Kd4 Ng5 48. Re8 Nf3+ 49. Kc5 1-0

[Event "Pavlodar op"]
[White "Zhigalko, Andrey"]
[Black "Karmenov, Berik"]
[Site "Pavlodar"]
[Round "7"]
[Result "1-0"]
[Date "2013.12.16"]
[WhiteElo "2628"]
[BlackElo "2176"]
[PlyCount "63"]
[EventDate "2013.12.10"]
[EventType "swiss"]
[EventRounds "10"]
[EventCountry "KAZ"]
[SourceTitle "CBM 158 Extra"]
[Source "ChessBase"]
[SourceDate "2014.02.28"]
[SourceVersion "1"]
[SourceVersionDate "2014.02.28"]
[SourceQuality "1"]

1. Nf3 c5 2. g3 Nf6 3. Bg2 g6 4. c4 Bg7 5. 0-0 0-0 6. Nc3 Nc6 7. d4 cxd4 8. Nxd4 Qb6 9. e3 d6 10. b3 Bd7 11. Bb2 Rac8 12. h3 a6 13. Qe2 Rfd8 14. Rfd1 Nb4 15. Rac1 Be8 16. Kh2 Qa7 17. e4 Bh6 18. Rb1 Nc6 19. Nd5 Nxd5 20. exd5 Nxd4 21. Bxd4 b6 22. h4 Qc7 23. Re1 Bf8 24. Rbc1 Qb7 25. b4 Qa7 26. Qe3 Rb8 27. h5 Bd7 28. c5 bxc5 29. bxc5 Bg7 30. Bxg7 Kxg7 31. h6+ Kg8 32. Qxe7 1-0

[Event "Pavlodar op"]
[White "Karmenov, Berik"]
[Black "Serikbay, Chingiz"]
[Site "Pavlodar"]
[Round "6"]
[Result "1/2-1/2"]
[Date "2013.12.15"]
[WhiteElo "2176"]
[BlackElo "2037"]
[PlyCount "143"]
[EventDate "2013.12.10"]
[EventType "swiss"]
[EventRounds "10"]
[EventCountry "KAZ"]
[SourceTitle "CBM 158 Extra"]
[Source "ChessBase"]
[SourceDate "2014.02.28"]
[SourceVersion "1"]
[SourceVersionDate "2014.02.28"]
[SourceQuality "1"]

1. e4 c5 2. Nf3 d6 3. d4 cxd4 4. Nxd4 e5 5. Nb3 Nf6 6. Nc3 Be6 7. Bg5 Be7 8. Bb5+ Nc6 9. Bxf6 Bxf6 10. Nd5 a6 11. Nxf6+ gxf6 12. Be2 d5 13. exd5 Qxd5 14. 0-0 Qxd1 15. Rfxd1 Bxb3 16. axb3 Nd4 17. Bd3 Rc8 18. b4 Ke7 19. c3 Nc6 20. Bf5 Rcd8 21. Kf1 h6 22. Ke2 Rhg8 23. g3 Rge8 24. Rxd8 Rxd8 25. Rd1 Rxd1 26. Kxd1 Kd6 27. Be4 Nd8 28. c4 b6 29. Bd5 f5 30. Ke2 a5 31. bxa5 bxa5 32. b3 Kc5 33. Kd3 Kb4 34. Kc2 Ne6 35. Bxe6 fxe6 36. Kb2 h5 37. h3 a4 38. bxa4 Kxc4 39. Ka3 e4 40. a5 Kb5 41. Kb3 Kxa5 42. Kc4 Kb6 43. Kd4 Kc6 44. Ke5 Kd7 45. Kf4 Kd6 46. h4 Kd5 47. Kg5 Ke5 48. Kxh5 Kf6 49. g4 f4 50. g5+ Kf5 51. g6 Kf6 52. Kh6 e3 53. fxe3 fxe3 54. g7 e2 55. g8Q e1Q 56. Qg5+ Kf7 57. h5 e5 58. Kh7 e4 59. h6 e3 60. Qf5+ Ke7 61. Qe5+ Kd7 62. Qg7+ Kc6 63. Kg8 e2 64. h7 Qd2 65. Qf6+ Kc5 66. h8Q Qd5+ 67. Kg7 Qg2+ 68. Kf7 Qd5+ 69. Qe6 Qxe6+ 70. Kxe6 e1Q+ 71. Qe5+ Qxe5+ 72. Kxe5 1/2-1/2

[Event "Pavlodar op"]
[White "Kotsur, Ivan"]
[Black "Karmenov, Berik"]
[Site "Pavlodar"]
[Round "6"]
[Result "0-1"]
[Date "2012.08.10"]
[WhiteElo "2053"]
[BlackElo "2102"]
[PlyCount "50"]
[EventDate "2012.08.05"]
[EventType "swiss"]
[EventRounds "7"]
[EventCountry "KAZ"]
[SourceTitle "EXT 2014"]
[Source "ChessBase"]
[SourceDate "2013.11.20"]
[SourceVersion "1"]
[SourceVersionDate "2013.11.20"]
[SourceQuality "1"]

1. d4 Nf6 2. Nf3 e6 3. c4 b6 4. a3 Ba6 5. e3 Bb7 6. Nc3 Be7 7. Bd3 0-0 8. 0-0 d5 9. cxd5 exd5 10. Ne2 Nbd7 11. Ng3 g6 12. Ne5 Nxe5 13. dxe5 Ne4 14. Bxe4 dxe4 15. Qc2 Ba6 16. Rd1 Bd3 17. Qc3 Qc8 18. b3 c5 19. Bb2 Qe6 20. f3 f5 21. Nh1 Be2 22. Rd6 Bxd6 23. exd6 Kf7 24. fxe4 fxe4 25. Ng3 Bd3 0-1

[Event "Pavlodar op"]
[White "Karmenov, Berik"]
[Black "Zhukov, Kirill"]
[Site "Pavlodar"]
[Round "5"]
[Result "1-0"]
[Date "2012.08.09"]
[WhiteElo "2102"]
[BlackElo "1826"]
[PlyCount "52"]
[EventDate "2012.08.05"]
[EventType "swiss"]
[EventRounds "7"]
[EventCountry "KAZ"]
[SourceTitle "EXT 2014"]
[Source "ChessBase"]
[SourceDate "2013.11.20"]
[SourceVersion "1"]
[SourceVersionDate "2013.11.20"]
[SourceQuality "1"]

1. e4 c5 2. Nf3 d6 3. d4 cxd4 4. Nxd4 Nf6 5. Nc3 a6 6. a4 g6 7. Be2 Bg7 8. 0-0 0-0 9. Be3 b6 10. f4 Bb7 11. Bf3 Nbd7 12. Qe2 Rc8 13. Rad1 Qc7 14. Rf2 Nc5 15. Bc1 e5 16. Nb3 Ne6 17. g3 Nd4 18. Nxd4 exd4 19. Nd5 Nxd5 20. exd5 Rfe8 21. Qd3 Qc4 22. Qxc4 Rxc4 23. b3 Rc3 24. Bb2 Rxf3 25. Rxf3 Bxd5 26. Rf2 d3 1-0

[Event "Pavlodar op"]
[White "Karmenov, Berik"]
[Black "Grebenschikov, Vladimir"]
[Site "Pavlodar"]
[Round "3"]
[Result "1-0"]
[Date "2012.08.07"]
[WhiteElo "2102"]
[BlackElo "2271"]
[PlyCount "51"]
[EventDate "2012.08.05"]
[EventType "swiss"]
[EventRounds "7"]
[EventCountry "KAZ"]
[SourceTitle "EXT 2014"]
[Source "ChessBase"]
[SourceDate "2013.11.20"]
[SourceVersion "1"]
[SourceVersionDate "2013.11.20"]
[SourceQuality "1"]

1. e4 c5 2. Nf3 d6 3. d4 cxd4 4. Nxd4 Nf6 5. Nc3 a6 6. Bg5 e6 7. f4 Nbd7 8. Qf3 h6 9. Bxf6 Qxf6 10. 0-0-0 g5 11. g3 gxf4 12. gxf4 h5 13. Bh3 Bh6 14. Rhf1 Ne5 15. Qg3 h4 16. Qf2 Bd7 17. Kb1 Nc4 18. e5 dxe5 19. Ne4 Qe7 20. fxe5 0-0-0 21. Nd6+ Nxd6 22. exd6 Qe8 23. Nb3 Kb8 24. Qb6 Bc6 25. Na5 Be4 26. Rd4 1-0

[Event "KAZ-ch qual"]
[White "Karmenov, Berik"]
[Black "Meteleno, Evgeniy"]
[Site "Astana"]
[Round "9"]
[Result "1-0"]
[Date "2012.02.29"]
[WhiteElo "2102"]
[BlackElo "2145"]
[PlyCount "119"]
[EventDate "2012.02.21"]
[EventType "swiss"]
[EventRounds "9"]
[EventCountry "KAZ"]
[SourceTitle "EXT 2014"]
[Source "ChessBase"]
[SourceDate "2013.11.20"]
[SourceVersion "1"]
[SourceVersionDate "2013.11.20"]
[SourceQuality "1"]

1. e4 d6 2. d4 Nf6 3. Nc3 e5 4. Nf3 Nbd7 5. Bc4 Be7 6. 0-0 0-0 7. Re1 c6 8. a4 h6 9. a5 Rb8 10. h3 b5 11. axb6 axb6 12. dxe5 dxe5 13. Qe2 b5 14. Ba2 Re8 15. Rd1 Qc7 16. Nh4 Nc5 17. f3 b4 18. Nb1 Nh5 19. Ng6 Bg5 20. Bxg5 hxg5 21. Qe3 Ne6 22. Bxe6 Rxe6 23. Qxg5 fxg6 24. Qd8+ Qxd8 25. Rxd8+ Kf7 26. Nd2 Re8 27. Rxe8 Kxe8 28. Nc4 b3 29. cxb3 Be6 30. Nxe5 Rxb3 31. Ra8+ Ke7 32. Nxc6+ Kd6 33. Ra6 Bc4 34. Na5+ Bxa6 35. Nxb3 Nf4 36. Nd4 Kc5 37. Nc2 Bd3 38. Ne3 Kd4 39. Kf2 Bb1 40. Nd1 Bc2 41. Nc3 Nd3+ 42. Kg3 Nxb2 43. Nd5 Nd3 44. Nf4 Ke5 45. Nxg6+ Kf6 46. Nf4 Nc5 47. Nd5+ Kf7 48. Kf4 Nd3+ 49. Ke3 Ne5 50. f4 Nc6 51. g4 Ba4 52. h4 Bd1 53. g5 Bh5 54. f5 Ne5 55. Nf4 g6 56. fxg6+ Bxg6 57. h5 Bh7 58. g6+ Kg7 59. gxh7 Kxh7 60. Kd4 1-0

[Event "KAZ-ch qual"]
[White "Dosov, Nurlan"]
[Black "Karmenov, Berik"]
[Site "Astana"]
[Round "8"]
[Result "1/2-1/2"]
[Date "2012.02.28"]
[WhiteElo "2326"]
[BlackElo "2102"]
[PlyCount "56"]
[EventDate "2012.02.21"]
[EventType "swiss"]
[EventRounds "9"]
[EventCountry "KAZ"]
[SourceTitle "EXT 2014"]
[Source "ChessBase"]
[SourceDate "2013.11.20"]
[SourceVersion "1"]
[SourceVersionDate "2013.11.20"]
[SourceQuality "1"]

1. d4 Nf6 2. c4 e6 3. Nc3 Bb4 4. e3 d5 5. a3 Bxc3+ 6. bxc3 c5 7. Bd3 Nc6 8. cxd5 Nxd5 9. Ne2 cxd4 10. cxd4 0-0 11. 0-0 h6 12. f3 Nf6 13. Bc4 Qb6 14. Ba2 Rd8 15. Rb1 Qa5 16. Qb3 b6 17. Rd1 Ba6 18. Nf4 Rac8 19. Bd2 Qg5 20. Qa4 Bb7 21. Rb5 Nd5 22. Bxd5 exd5 23. e4 Nxd4 24. Qxd4 dxe4 25. Nd5 Rxd5 26. Bxg5 Rxd4 27. Rxd4 hxg5 28. fxe4 Rc1+ 1/2-1/2

[Event "KAZ-ch qual"]
[White "Karmenov, Berik"]
[Black "Mogila, Vladimir"]
[Site "Astana"]
[Round "5"]
[Result "1-0"]
[Date "2012.02.25"]
[WhiteElo "2102"]
[BlackElo "2086"]
[PlyCount "51"]
[EventDate "2012.02.21"]
[EventType "swiss"]
[EventRounds "9"]
[EventCountry "KAZ"]
[SourceTitle "EXT 2014"]
[Source "ChessBase"]
[SourceDate "2013.11.20"]
[SourceVersion "1"]
[SourceVersionDate "2013.11.20"]
[SourceQuality "1"]

1. e4 c6 2. d4 d5 3. Nc3 dxe4 4. Nxe4 Nf6 5. Nxf6+ exf6 6. Nf3 Bd6 7. Be2 0-0 8. 0-0 Be6 9. Be3 Nd7 10. c4 Re8 11. Qd2 Bf5 12. Rfe1 Be4 13. Bf4 Bf8 14. Qc3 h6 15. Rad1 g5 16. Bc1 Nb6 17. b3 Bg7 18. Bb2 Rc8 19. Bf1 Qc7 20. Nd2 Bg6 21. Bd3 Qf4 22. g3 Qg4 23. Bxg6 fxg6 24. Qd3 f5 25. Kg2 Kh7 26. f3 1-0

[Event "Pavlodar op"]
[White "Karmenov, Berik"]
[Black "Minnekhanov, Eldar"]
[Site "Pavlodar"]
[Round "10"]
[Result "1-0"]
[Date "2010.12.09"]
[WhiteElo "2120"]
[BlackElo "1971"]
[PlyCount "73"]
[EventDate "2010.11.30"]
[EventType "swiss"]
[EventRounds "10"]
[EventCountry "KAZ"]
[SourceTitle "EXT 2012"]
[Source "ChessBase"]
[SourceDate "2011.11.24"]
[SourceVersion "1"]
[SourceVersionDate "2011.11.24"]
[SourceQuality "1"]

1. e4 e5 2. Nf3 Nc6 3. Bb5 a6 4. Ba4 Nf6 5. 0-0 Nxe4 6. d4 b5 7. Bb3 d5 8. dxe5 Be6 9. c3 Bc5 10. Nbd2 0-0 11. Bc2 Nxf2 12. Rxf2 f6 13. exf6 Bxf2+ 14. Kxf2 Qxf6 15. Kg1 Rae8 16. Nb3 Ne5 17. Be3 Nxf3+ 18. Qxf3 Qxf3 19. gxf3 Rxf3 20. Bc5 Bh3 21. Nd4 Rf4 22. Bb3 Rg4+ 23. Kf2 Rg2+ 24. Kf3 Rxb2 25. Bxd5+ Kh8 26. Kg3 Bd7 27. Rf1 Rd2 28. Rf7 Rd3+ 29. Kf2 Rd2+ 30. Kg3 Rd3+ 31. Kf4 Bh3 32. Bf8 Rxd4+ 33. cxd4 Be6 34. Bxg7+ Kg8 35. Bxe6 Rxe6 36. Rxc7 Re2 37. d5 1-0

[Event "Pavlodar op"]
[White "Karmenov, Berik"]
[Black "Akkozov, Berik"]
[Site "Pavlodar"]
[Round "4"]
[Result "0-1"]
[Date "2010.12.03"]
[WhiteElo "2120"]
[BlackElo "2288"]
[PlyCount "56"]
[EventDate "2010.11.30"]
[EventType "swiss"]
[EventRounds "10"]
[EventCountry "KAZ"]
[SourceTitle "EXT 2012"]
[Source "ChessBase"]
[SourceDate "2011.11.24"]
[SourceVersion "1"]
[SourceVersionDate "2011.11.24"]
[SourceQuality "1"]

1. e4 c5 2. Nf3 d6 3. Bb5+ Bd7 4. Bxd7+ Qxd7 5. 0-0 Nf6 6. Nc3 g6 7. d3 Bg7 8. h3 0-0 9. Bg5 h6 10. Be3 Nc6 11. Qd2 Kh7 12. Nh2 b6 13. f4 d5 14. e5 d4 15. exf6 dxe3 16. Qxe3 Bxf6 17. Kh1 Nd4 18. Qf2 Nf5 19. Nf3 Bd4 20. Nxd4 cxd4 21. Ne4 Rac8 22. Rfe1 Rc7 23. g4 Ne3 24. c4 f5 25. Ng3 fxg4 26. h4 e5 27. Ne2 exf4 28. Nxf4 Qa4 0-1

[Event "KAZ-ch"]
[White "Karmenov, Berik"]
[Black "Mogila, Vladimir"]
[Site "Kostanay"]
[Round "2"]
[Result "0-1"]
[Date "2008.04.21"]
[WhiteElo "2125"]
[BlackElo "2085"]
[PlyCount "52"]
[EventDate "2008.04.20"]
[EventType "swiss"]
[EventRounds "9"]
[EventCountry "KAZ"]
[SourceTitle "EXT 2022"]
[Source "ChessBase"]
[SourceDate "2021.10.06"]
[SourceVersion "1"]
[SourceVersionDate "2021.10.06"]
[SourceQuality "1"]

1. e4 c5 2. Nf3 a6 3. c3 Nf6 4. e5 Nd5 5. d4 cxd4 6. cxd4 d6 7. Nc3 Nb6 8. Bd3 Nc6 9. Be3 Bg4 10. exd6 Qxd6 11. 0-0 e6 12. Qe2 Be7 13. Rad1 Rd8 14. h3 Bh5 15. Bb1 Nd5 16. Ne4 Qc7 17. Ng3 Bg6 18. Rfe1 0-0 19. Bxg6 hxg6 20. Rc1 Nxe3 21. Qxe3 Qb6 22. Re2 Bf6 23. Ne4 Bxd4 24. Nxd4 Qxd4 25. Qb3 Qd5 26. Qxd5 Rxd5 0-1